Žila som s Hviezdoslavom /

Hlavní autor: Juráňová, Jana, 1957-
Jazyk: Slovenština
Vydáno: [Bratislava] : Aspekt, 2010
Vydání: Druhé vydanie
Edice: Aspekt
Témata:
Fyzický popis: 192 stran ; 18 cm
Knihy
Uloženo v:
LEADER 01695nam a2200493 i 4500
001 001595849
003 CZ BrMZK
005 20170925071042.0
007 ta
008 170921s2010 xo g 000 fbslo
020 |a 978-80-85549-84-3  |q (brožováno) 
040 |a BOA001  |b cze  |e rda 
043 |a e-xo--- 
045 |a w5x3 
072 7 |a 821.162.4  |x Slovenská literatura  |2 Konspekt  |9 25 
072 7 |a 929  |x Biografie  |2 Konspekt  |9 8 
080 |a 821.162.4-32  |2 MRF 
080 |a 821.162.4-051  |2 MRF 
080 |a 82-051-058.833  |2 MRF 
080 |a 929  |2 MRF 
080 |a (437.6)  |2 MRF 
080 |a (0:82-322.6)  |2 MRF 
100 1 |a Juráňová, Jana,  |d 1957-  |7 mzk2002110105  |4 aut 
245 1 0 |a Žila som s Hviezdoslavom /  |c Jana Juráňová 
250 |a Druhé vydanie 
264 1 |a [Bratislava] :  |b Aspekt,  |c 2010 
300 |a 192 stran ;  |c 18 cm 
336 |a text  |b txt  |2 rdacontent 
337 |a bez média  |b n  |2 rdamedia 
338 |a svazek  |b nc  |2 rdacarrier 
490 1 |a Aspekt 
600 1 7 |a Hviezdoslav, Pavol Országh,  |d 1849-1921  |7 jn20000401129  |2 czenas 
600 1 7 |a Országhová-Nováková, Ilona,  |d 1856-1932  |7 mzk2017965458  |2 czenas 
648 4 |a 1856-1932 
648 7 |a 19.-20. století  |7 ch757015  |2 czenas 
650 0 7 |a slovenští spisovatelé  |7 ph125683  |y 19.-20. století  |2 czenas 
650 0 7 |a manželky spisovatelů  |7 ph122620  |z Slovensko  |y 19.-20. století  |2 czenas 
655 7 |a slovenské novely  |7 fd183405  |2 czenas 
655 7 |a biografické novely  |7 fd131902  |2 czenas 
830 0 |a Aspekt 
910 |a BOA001  |b 1-1393.776 
990 |a BK 
991 |b 201709  |c NOV 
996 7 |b 2610718948  |c 1-1393.776  |l MZK  |r Sklad / do 1 hodiny  |n 6  |p kupz  |w 001631210  |u 000010  |a 1  |e BOA001  |j MZK50  |s A